Une lettre suffit pour répondre juste #8 (attention 10 lettres tuent) - Statistiques

Statistiques générales
  • Ce quiz a été pris 90 fois
  • Le résultat moyen est 3 sur 6
Statistiques - réponses
Hint Réponse % Correct
Donne une des 5 lettres du prénom du champion cycliste slovène Pogačar TADEJ
100%
Donne une des 4 lettres du nom de scène de cette chanteuse prénommé Liane
FOLY
81%
Donne une des 3 lettres qui désigne souvent dans le langage courant le commercial terrain.L’usage est de parler de « _ _ _ exclusif » lorsque le _ _ _ travaille pour un seul employeur et de « _ _ _ multicartes » en cas d’employeurs multiples. VRP
31%
Donne une des 2 lettres qui forme le domaine de premier niveau national destiné à la Tchéquie : .?? CZ
25%
Donne la lettre qui marque l'endroit recherché dans la quête d'indice pour trouver le Graal dans cette scène d'Indiana Jones et la Dernière Croisade (1989) à la bibliothèque de Venise
X
21%
Donne la lettre qui symbolise le Tungstène (élément chimique) W
11%
Aucun quiz correspondant
Distribution des résultats
% des personnes avec chaque résultat
Percentile par nombre de réponses
Votre historique - résultats
Vous n’avez pas pris ce quiz